000 00634nam a2200229Ia 4500
003 OSt
005 20221007075205.0
006 a|||||r|||| 00| 0
007 ta
008 221006b |||||||| |||| 00| 0 eng d
024 _a15,025
037 _cTextual
040 _aFLL
_cFLL
_beng
041 _2eng
_aeng
082 _aX:958:Z2, M4
100 _aBhatnagar Deepak Au.
_9693616
245 0 _aLabour welfare and social security legislation
260 _aNew Delhi
_bDeep & Deep Pub. India
_c1984
300 _a302p
_ccm.
942 _hX:958:Z2, M4
_cTEXL
_2CC
999 _c1155135
_d1155135